Voitures - Toutes les BMW M3 de l’histoire - Statistiques

Statistiques générales
  • Ce quiz a été pris 585 fois
  • Le résultat moyen est 7 sur 10
Statistiques - réponses
Par images Réponse % Correct
BMW M3 E36 (1992-1999)
92%
BMW M3 E30 (1986-1991)
87%
BMW M3 E46 (2000-2006)
83%
BMW M3 E92 (2007-2013)
83%
BMW M3 G80 (2021-Maintenant)
79%
BMW M3 F80 (2014-2018)
78%
BMW M3 E90 (2008-2013)
72%
BMW M3 E93 (2008-2013
70%
BMW M3 GTR (2002)
56%
BMW M3 ALMS (2008)
3%
Aucun quiz correspondant
Distribution des résultats
% des personnes avec chaque résultat
Percentile par nombre de réponses
Votre historique - résultats
Vous n’avez pas pris ce quiz